000 00716nam a22002177a 4500
999 _c9628
_d9628
003 AR-CdUCM
008 190328b ||||| |||| 00| 0 spa d
040 _aMUNICIPALIDAD PROVINCIAL DEL CUSCO
_cBIBLIOTECA MUNICIPAL DEL CUSCO
082 _aC / 985.019 /
_bL26
100 _aLarrea, Juan
_910368
245 _aCorona incaica /
260 _aArgentina :
_bUniversidad Nacional de Córdoba /
_c1960.
300 _a299 páginas ;
_c24 cm.
505 _aContenido: El yauri -- Una estatua del Cuzco -- Huirakocha en Huillcanota -- Machupicchu...
650 _aIncas.
_9303
650 _aCornona inca.
_925959
650 _aReyes incas.
_925960
650 _aMachupicchu.
_91751
942 _2ddc
_cLIBROS
945 _awfj